| 000 | 01160cam a2200313 i 4500 | ||
|---|---|---|---|
| 001 | 64488 | ||
| 003 | Mx-PuUPA | ||
| 005 | 20240410104106.0 | ||
| 008 | 160411s2012 sp gr 000 0 spa d | ||
| 020 | _a9788449307560 | ||
| 040 |
_aMx-PuUPA _bspa _erda _cMx-PuUPA _dMx-PuUPA |
||
| 041 | 1 |
_aspa _hspa |
|
| 100 | 1 |
_912686 _aSerrano, Sebastià, _d1945- _eautor |
|
| 240 | 1 | 0 |
_aComprendre la comunicació. _lEspañol |
| 245 | 1 | 0 |
_aComprender la comunicación : _bel libro del sexo, la poesía y la empresa / _cSebastiá Serrano ; de la traducción Javier Palacio Tauste |
| 250 |
_aPrimera edición / _bfebrero |
||
| 264 | 1 |
_aBarcelona, España : _bEspasa Libros, _bPaidós, _c2012 |
|
| 300 |
_a404 páginas ; _c21 cm |
||
| 336 |
_atexto _btxt _2rdacontent |
||
| 337 |
_2rdamedia _asin medio _bn |
||
| 338 |
_2rdacarrier _avolumen _bnc |
||
| 650 | 7 |
_2armarc _aComunicación _xHistoria |
|
| 650 | 7 |
_2armarc _aComunicación _xAspectos sociales |
|
| 700 | 1 |
_aPalacio Tauste, Javier, _etraductor |
|
| 765 | 0 | 8 |
_aSerrano, Sebastià, _tComprendre la comunicació. |
| 942 |
_cLI _2ddc _h302.209 _iS485 |
||
| 999 |
_c64488 _d64488 |
||